000 00607nam a2200229Ia 4500
003 OSt
005 20221007073621.0
006 a|||||r|||| 00| 0
007 ta
008 221006b |||||||| |||| 00| 0 eng d
024 _a2,413
037 _cTextual
040 _aFLL
_cFLL
_beng
041 _2eng
_aeng
082 _aZ2,35, P0
100 _aAvtar Singh
245 0 _aPrinciples of the law of sale of goods and hire purchase
250 _a5th
260 _aLucknow
_bEastern Book Company India
_c2000
942 _hZ2,35, P0
_cTEXL
_2CC
999 _c1149300
_d1149300